Villes d'Auvergne-Rhône-Alpes en images - Statistiques

Statistiques générales
  • Ce quiz a été pris 68 fois
  • Le résultat moyen est 7 sur 24
Statistiques - réponses
Par images Réponse % Correct
Grenoble
90%
Annecy
88%
Lyon
74%
Le Puy-en-Velay
48%
Clermont-Ferrand
45%
Vichy
45%
Chambéry
38%
Chamonix
34%
Moulins
26%
Valence
26%
Brioude
24%
Saint-Étienne
22%
Saint-Flour
21%
Vienne
21%
Albertville
17%
Bourg-en-Bresse
16%
Annonay
14%
Privas
14%
Riom
14%
Roanne
14%
Nantua
10%
Aurillac
9%
Romans-sur-Isère
9%
Villefranche-sur-Saone
5%
Aucun quiz correspondant
Distribution des résultats
% des personnes avec chaque résultat
Percentile par nombre de réponses
Votre historique - résultats
Vous n’avez pas pris ce quiz